000 00280nam a22001337a 4500
008 171016b xxu||||| |||| 00| 0 eng d
020 _a9781429272704
041 _aeng
080 _a33
100 _a52
101 _aEKO
245 _aECONOMICS
_cANDERSON,D.A
942 _2udc
_cBK
999 _c34148
_d34148